Responses for Show #5314 - Thursday, October 18, 2007

Contestants

[<< previous game]

Michael Boisson, an artist from New York, New York

Shad Small, an office assistant from Lafayette, California (whose 1-day cash winnings total $20,400)

Linda Zell Randall, an attorney from Naples, Florida (whose 1-day cash winnings total $20,400)

[next game >>]

Jeopardy! Round responses

SHAKESPEARE
LEONARD MALTIN'S FAVORITE FILMS
FAMILY MATTERS
POLITICOS BY STATE
(Alex: You have to name the state.)
AM I YOUR TYPE?
A LONG STRANGE "TRIP"
    $200 26
Cleopatra

Shad
    $200 21
Casablanca

Linda
    $200 6
brother-in-law

Shad
    $200 1
(Alex: Yes, Barack Obama.)

Illinois

Shad
    $200 15
diabetes

Michael
    $200 2
guilt trip

Michael
    $400 27
Shylock

Shad
    $400 22
Raging Bull

Linda
    $400 7
removed

Michael
    $400 5
(Alex: [*], Jeb Bush.)

Florida

Shad
    $400 17
Jaguar

Linda
    $400 3
strip mall

Michael
    $600 28
Macbeth

Michael
    $600 23
It's A Wonderful Life

Shad
    $600 9
great-uncle

Linda
    $600 12
(Alex: Nancy Pelosi, yes.)

California

Shad
    $600 18
Type A

Linda
    $600 4
the shores of Tripoli

Linda
    $800 29
Henry VIII

Shad
    $800 24
Great Expectations

Shad
    $800 10
nephew

Triple Stumper
    $800 13
Texas

Linda
    $800 19
Type O

Shad
    $800 8
in triplicate

Shad
    $1000 30
As You Like It

Triple Stumper
    $1000 25
Singin' In The Rain

Shad
    $500 11
(Linda: What is... eight?)
(Alex: Nope. She was the mother of the Dionne quintuplets--that's five--and then there were nine other single births. All right? So [*] was the correct response.)

ten

Linda
    $1000 14
(Alex: And that is Senator Orrin Hatch, of [*].)

Utah

Triple Stumper
    $1000 20
typecast

Michael
    $1000 16
centripetal

Michael

Scores at the first commercial break (after clue 15):

Linda Shad Michael
$1,500 $2,200 $1,200

Scores at the end of the Jeopardy! Round:

Linda Shad Michael
$3,100 $6,800 $3,800

Double Jeopardy! Round responses

19th CENTURY PEOPLE
ROCK & ROLL HALL OF FAME
QUAY TO THE CITY
THINK FAST
"P" IS FOR PHYSICS
RHYME TIME
    $400 17
George Harrison

Shad
    $400 1
Istanbul

Shad
    $400 6
Jonathan Swift

Shad
    $400 11
(Shad: What is momentum?)
(Linda: What is mass?)

power

LindaShadMichael
    $400 25
a nurse purse

Linda
    $800 18
(Linda: What is 20 years?)

25 years

LindaShad
    $800 2
Sydney

Shad
    $800 7
rapids

Michael
    $800 12
(Michael: What's polonium?)

plutonium

Michael
Triple Stumper
    $800 23
hiker biker

Shad
    $1200 28
Liliuokalani

Shad
    $1200 19
Chuck Berry

Shad
    $1200 3
Wellington

Michael
    $1200 8
Fleet Street

Shad
    $1200 13
prism

Shad
    $1200 22
smug slug

Shad
    $1600 27
(Linda: Who is Chevalier?)

Sarah Bernhardt

Linda
Triple Stumper
    $1600 20
(Michael: Who is Alan Freed?)

Jann Wenner

Michael
Triple Stumper
    $1600 4
Port-au-Prince

Shad
    $1,200 9
flash in the pan

Shad
    $1,500 14
pendulum

Shad
    $1600 24
nearly yearly

Triple Stumper
    $2000 16
Nicholas and Alexandra

Linda
    $2000 21
Carole King

Linda
    $2000 5
(Alex: Writers were getting a little cutesy with the reference to steamroller. [*].)

Mannheim

Triple Stumper
    $2000 10
the rushes

Triple Stumper
    $2000 15
photon

Michael
    $2000 26
(Michael: What is a herb bl...)
(Alex: Sorry, you took too long.)

herb blurb

LindaMichael

Scores at the end of the Double Jeopardy! Round:

Linda Shad Michael
$6,700 $20,300 $3,800
(lock game)

[wagering suggestions for these scores]

Final Jeopardy! Round responses

BROADWAY
MichaelWhat is
$3,799
LindaWhat is the Producers?
$901
ShadWhat is Sunset Blvd.?
$0
Sunset Boulevard

Final scores:

Linda Shad Michael
$5,799 $20,300 $1
2nd place: $2,000 2-day champion: $40,700 3rd place: $1,000

Game dynamics:

Coryat scores:

Linda Shad Michael
$7,200 $20,800 $3,800
11 R,
4 W
(including 1 DD)
26 R
(including 2 DDs),
1 W
11 R,
3 W

Combined Coryat: $31,800

[game clues] [game scores] [suggest correction]

Game tape date: 2007-07-30
The J! Archive is created by fans, for fans. Scraping, republication, monetization, and malicious use prohibited; this site may use cookies and collect identifying information. See terms. The Jeopardy! game show and all elements thereof, including but not limited to copyright and trademark thereto, are the property of Jeopardy Productions, Inc. and are protected under law. This website is not affiliated with, sponsored by, or operated by Jeopardy Productions, Inc. Join the discussion at JBoard.tv.